Sustainable environmental management: principles and practice (Record no. 80867)

MARC details
000 -LEADER
fixed length control field 01208nam a2200253 a 4500
008 - FIXED-LENGTH DATA ELEMENTS--GENERAL INFORMATION
fixed length control field 120416s1988 ||||||||||||||||| || u
020 ## - INTERNATIONAL STANDARD BOOK NUMBER
International Standard Book Number 0813307449
020 ## - INTERNATIONAL STANDARD BOOK NUMBER
International Standard Book Number 0813307449
050 ## - LIBRARY OF CONGRESS CALL NUMBER
Classification number HC 79.E5 Sus
100 ## - MAIN ENTRY--PERSONAL NAME
Personal name Turner, R. Kerry
245 10 - TITLE STATEMENT
Title Sustainable environmental management: principles and practice
Statement of responsibility, etc. edited by R. Kerry Turner
260 ## - PUBLICATION, DISTRIBUTION, ETC.
Place of publication, distribution, etc. London:
Name of publisher, distributor, etc. Belhaven Press
Date of publication, distribution, etc. 1988
300 ## - PHYSICAL DESCRIPTION
Extent xi, 292p.
350 ## -
-- 0.00
500 ## - GENERAL NOTE
General note "Published in association with Economic and Social Research Council, ESRC." -Includes bibliographies and index.
650 ## - SUBJECT ADDED ENTRY--TOPICAL TERM
Topical term or geographic name entry element ENVIRONMENTAL MANAGEMENT--DEVELOPING COUNTRIES
650 ## - SUBJECT ADDED ENTRY--TOPICAL TERM
Topical term or geographic name entry element MANAGEMENT--ENVIRONMENTAL ASPECTS
650 ## - SUBJECT ADDED ENTRY--TOPICAL TERM
Topical term or geographic name entry element ENVIRONMENT
650 ## - SUBJECT ADDED ENTRY--TOPICAL TERM
Topical term or geographic name entry element SUSTAINABLE DEVELOPMENT--DEVELOPING COUNTRIES
650 #0 - SUBJECT ADDED ENTRY--TOPICAL TERM
Topical term or geographic name entry element ECONOMIC DEVELOPMENT--ENVIRONMENTAL ASPECTS
710 ## - ADDED ENTRY--CORPORATE NAME
Corporate name or jurisdiction name as entry element Economic and Social Research Council (Great Britain)
995 ## -
-- MAIN LIBRARY OPEN ACCESS
-- 0.00
-- 721311
-- CBU-MAIN LIBRARY (Kitwe)
-- 1
-- 0.00
-- HC 79.E5 Sus
-- 1
-- AVAILABLE
-- 002165
-- Main Library Open Access Collection
995 ## -
-- MAIN LIBRARY OPEN ACCESS
-- 0.00
-- 721312
-- CBU-MAIN LIBRARY (Kitwe)
-- 2
-- 0.00
-- HC 79.E5 Sus
-- 2
-- AVAILABLE
-- 002166
-- Main Library Open Access Collection
999 ## -
-- 80867
-- 80867
Holdings
Withdrawn status Lost status Source of classification or shelving scheme Damaged status Not for loan Permanent Location Current Location Shelving location Date acquired Total Checkouts Full call number Barcode Date last seen Copy number Price effective from Koha item type
          CBU-MAIN LIBRARY, KITWE. CBU-MAIN LIBRARY, KITWE.   07/11/2023   HC 79.E5 Sus 002165 07/11/2023 1 07/11/2023 MONOGRAPH
          CBU-MAIN LIBRARY, KITWE. CBU-MAIN LIBRARY, KITWE.   07/11/2023   HC 79.E5 Sus 002166 07/11/2023 2 07/11/2023 MONOGRAPH